| 000 | 00527nam a22001577a 4500 | ||
|---|---|---|---|
| 003 | macl | ||
| 005 | 20190730124610.0 | ||
| 008 | 190730b xxu||||| |||| 00| 0 eng d | ||
| 040 | _cmacl | ||
| 082 | _a900 | ||
| 100 |
_aशर्मा , महेश चन्द _976052 |
||
| 245 | _aइतिहास -शिक्षण | ||
| 260 |
_aदिल्ली _bजीएस पब्लिशर डिस्ट्रब्यूटर्स _c2015 |
||
| 650 |
_aइतिहास _976053 |
||
| 942 |
_2ddc _cHIN |
||
| 999 |
_c60609 _d60609 |
||